| 000 | 00510nam a22002057a 4500 | ||
|---|---|---|---|
| 003 | OSt | ||
| 005 | 20140310184523.0 | ||
| 008 | 131017t xxu||||| |||| 00| 0 eng d | ||
| 020 | _a0590528378 | ||
| 022 | _a9780590528375 | ||
| 050 |
_aPZ 7 _b.So7242Je 1996 |
||
| 100 |
_aSoto, Gary. _919204 |
||
| 245 |
_aJesse / _cby Gary Soto ; |
||
| 260 |
_aNew York ; _bScholastic Inc., _c1996. |
||
| 300 |
_a166 p. : _bill. ; _c18 cm. |
||
| 521 | _aG8 | ||
| 526 | _c900 | ||
| 942 |
_2lcc _cBK-SCHOLAS |
||
| 999 |
_c35072 _d35072 |
||